000 00484cam a2200145 4500500
005 20251012010431.0
041 _afre
042 _adc
100 1 0 _aCerf, Juliette
_eauthor
245 0 0 _aPaul Veyne. « Je ne crois pas aux idées générales »
260 _c2007.
500 _a57
786 0 _nPhilosophie magazine | 9 | 5 | 2007-05-01 | p. 19-20 | 1951-1787
856 4 1 _uhttps://shs.cairn.info/magazine-philosophie-magazine-2007-5-page-19?lang=fr&redirect-ssocas=7080
999 _c1519200
_d1519200